| 000 | 00431nam a2200145Ia 4500 | ||
|---|---|---|---|
| 008 | 230128s9999 xx 000 0 und d | ||
| 041 | _aeng | ||
| 082 |
_aBHA PR0436 _bBHA |
||
| 100 |
_aBhagwat Dhanashree A - 2K91016 _9118930 |
||
| 245 | _aAnalysis and Prediction of Movement of Stock Prices Using Technical Analysis | ||
| 260 |
_c2011 _bPune University _aPune |
||
| 300 | _a80p | ||
| 502 | _cParchure Sonali | ||
| 999 |
_c97228 _d97228 |
||